Battles of the Clone Wars - Statistics

General Stats
  • This quiz has been taken 86 times
  • The average score is 7 of 14
Answer Stats
Hint Answer % Correct
attack on clone facilities kamino
85%
darth mauls home planet. the nightsister are slaughtered dathomir
75%
hardcase dies after sacrificing himself. probably one of the worst battles of the clone wars umbara
75%
palpatine is kidnapped coruscant
68%
where admiral ackbar is from mon cala
65%
clone trooper slick turns against his men christophsis
63%
more of an secretive mission than a battle. Hevy dies here by sacrificing his life rishi moon
58%
tups inhibitor chip malfunctions ringo vinda
45%
the zillo beast is found here malastare
40%
master eeth koth is captured by grievous saleucami
35%
battle that started the clone wars first battle of geonosis
33%
capture of master even piell lola sayu
28%
aayla secura is rescued by anakin and the 501st quell
18%
commander tanos entire ground fleet is detroyed and rescued by anakin and obi wan first battle of felucia
10%
No matching quizzes found
Score Distribution
Percent of People with Each Score
Percentile by Number Answered
Your Score History
You have not taken this quiz